书目信息 |
| 题名: |
外来词
|
|
| 作者: | 史有为 著 | |
| 分册: | ||
| 出版信息: | 上海 上海辞书出版社 2004 |
|
| 页数: | 358页 | |
| 开本: | 20cm | |
| 丛书名: | ||
| 单 册: | ||
| 中图分类: | H136.5 | |
| 科图分类: | ||
| 主题词: | 汉语--外来语--研究 , 汉语 , 外来语 | |
| 电子资源: | ||
| ISBN: | 7-5326-1475-1 | |
| 000 | 00868nam0 2200277 450 | |
| 001 | 020000020354 | |
| 005 | 20051014090115.71 | |
| 010 | @a7-5326-1475-1@dCNY28.00 | |
| 092 | @aCN | |
| 100 | @a20040930d2004 ekmy0chiy0120 ea | |
| 101 | 0 | @achi |
| 102 | @aCN@b310000 | |
| 105 | @ay z 001yy | |
| 200 | 1 | @a外来词@9wai lai ci@e异文化的使者@f史有为著@Fshi you wei zhu |
| 210 | @a上海@c上海辞书出版社@d2004 | |
| 215 | @a358页@d20cm | |
| 320 | @a有索引 | |
| 330 | @a本书对自古至今三千多年在汉语中出现的外来词进行研究,以时代为线索讨论其源流、语言交流、使用情况等,并从构词法方面对外来词中出现的新现象进行论述。 | |
| 517 | 1 | @a异文化的使者@9yi wen hua de shi zhe |
| 606 | 0 | @a汉语@x外来语@x研究 |
| 606 | 0 | @a汉语 |
| 606 | 0 | @a外来语 |
| 690 | @aH136.5@v4 | |
| 701 | 0 | @a史有为@Ashi you wei@4著 |
| 801 | 0 | @aCN@bTSSF@c20051014 |
| 905 | @a10447@dH136.5@e244 | |
| 外来词:异文化的使者/史有为著.-上海:上海辞书出版社,2004 |
| 358页;20cm |
| ISBN 7-5326-1475-1:CNY28.00 |
| 本书对自古至今三千多年在汉语中出现的外来词进行研究,以时代为线索讨论其源流、语言交流、使用情况等,并从构词法方面对外来词中出现的新现象进行论述。 |
| ● |
| 相关链接 |
|
|
|
|
正题名:外来词
索取号:H136.5/244
 
预约/预借
| 序号 | 登录号 | 条形码 | 馆藏地/架位号 | 状态 | 备注 |
| 1 | 0366929 | 3669293 | 第二样本阅览室/ [索取号:H136.5/244] | 在馆 | |
| 2 | 0366930 | 3669300 | 第四借阅区/ [索取号:H136.5/244] | 在馆 | |
| 3 | 0366931 | 3669319 | 第四借阅区/ [索取号:H136.5/244] | 在馆 | |
| 4 | 0366932 | 3669328 | 第四借阅区/ [索取号:H136.5/244] | 在馆 | |
| 5 | 0366933 | 3669337 | 第四借阅区/ [索取号:H136.5/244] | 在馆 |